000 00623nam a2200193Ia 4500
005 20250507130444.0
008 008 250505s9999 xx 000 0 chi d
037 _aDVD
040 _aEASL
_beng
_cEASL
041 _achi
_2eng
084 _qEASL
100 _aNational Center for Korean Traditional Performing Arts
245 0 _aPansori: Korean traditional music Commemorating designation as masterpiece of oral traditio and intangible heritage of humanity UNESCO i 2003
260 _aSouth Korea
_bSeoul NCKTPA
_c2004
300 _a CD
650 _aMusic-Spritual
942 _cDVD
999 _c1320279
_d1320279